Visualizzazione normale
Vista MARC
- Auric George
di Personal Name
Records bibliografici associati: 1
001 - CONTROL NUMBER
- control field: 37029
003 - CONTROL NUMBER IDENTIFIER
- control field: IT-RoPau
005 - DATE AND TIME OF LATEST TRANSACTION
- control field: 20151125154810.0
008 - FIXED-LENGTH DATA ELEMENTS
- fixed length control field: 151125|| aca||aabn | a|a d
040 ## - CATALOGING SOURCE
- Original cataloging agency: IT-RoPau
- Transcribing agency: IT-RoPau
100 ## - HEADING--PERSONAL NAME
- Personal name: Auric George
- Relator term: (musica)
- Miscellaneous information: Codice Musica SPICS: 14416
670 ## - SOURCE DATA FOUND
- Source citation: Work cat.: (IT-RoPau)104671: Oury Gerard Codice regista SPICS: 59411 37026, TRE UOMINI IN FUGA TRE UOMINI IN FUGA (Rif. Codice opera principale : H8581)